Catálogo - Centro de Recursos para el Aprendizaje y la Investigación
Volver al Sitio - CRAI Biblioteca| 000 -CABECERA | |
|---|---|
| campo de control de longitud fija | 01332cam a2200289 i 4500 |
| 001 - NÚMERO DE CONTROL | |
| campo de control | 114586 |
| 003 - IDENTIFICADOR DEL NÚMERO DE CONTROL | |
| campo de control | DR-UNIBE |
| 005 - FECHA Y HORA DE LA ÚLTIMA TRANSACCIÓN | |
| campo de control | 20260417113205.0 |
| 007 - CAMPO FIJO DE DESCRIPCIÓN FÍSICA--INFORMACIÓN GENERAL | |
| campo de control de longitud fija | @ cr nn 008mamaa |
| 008 - DATOS DE LONGITUD FIJA--INFORMACIÓN GENERAL | |
| campo de control de longitud fija | 260417s2013 mx a sb 001 0 spa |
| 020 ## - NÚMERO INTERNACIONAL ESTÁNDAR DEL LIBRO | |
| Número Internacional Estándar del Libro | 9786073219600 |
| 020 ## - NÚMERO INTERNACIONAL ESTÁNDAR DEL LIBRO | |
| Número Internacional Estándar del Libro | 9786073219617 (electrónico) |
| 040 ## - FUENTE DE LA CATALOGACIÓN | |
| Centro catalogador/agencia de origen | DLC |
| Lengua de catalogación | spa |
| Centro/agencia transcriptor | DLC |
| Normas de descripción | rda |
| Centro/agencia modificador | DLC |
| 041 ## - CÓDIGO DE LENGUA | |
| Código de lengua del texto/banda sonora o título independiente | spa |
| 100 ## - ENTRADA PRINCIPAL--NOMBRE DE PERSONA | |
| Nombre de persona | Rosario Farga Mullor, María del |
| Término indicativo de función/relación | autor |
| 9 (RLIN) | 204214 |
| 100 ## - ENTRADA PRINCIPAL--NOMBRE DE PERSONA | |
| Nombre de persona | López Varela, Araceli |
| Término indicativo de función/relación | autor |
| 9 (RLIN) | 204215 |
| 245 10 - MENCIÓN DE TÍTULO | |
| Título | Historia del arte |
| 250 ## - MENCIÓN DE EDICIÓN | |
| Mención de edición | Segunda edición revisada |
| 260 ## - PUBLICACIÓN, DISTRIBUCIÓN, ETC. | |
| Lugar de publicación, distribución, etc. | México : |
| Nombre del editor, distribuidor, etc. | Pearson, |
| Fecha de publicación, distribución, etc. | 2013 |
| 300 ## - DESCRIPCIÓN FÍSICA | |
| Extensión | 360 páginas : |
| Otras características físicas | ilustraciones |
| 500 ## - NOTA GENERAL | |
| Nota general | Recurso en línea: Disponible para miembros de UNIBE a través del portal web del CRAI: https://www.unibe.edu.do/biblioteca/libros-electronicos/ |
| 505 ## - NOTA DE CONTENIDO CON FORMATO | |
| Nota de contenido con formato | Unidad I. Introducción al lenguaje artístico |<br/>Unidad II. El arte prehistórico y antiguo |<br/>Unidad III. El arte prehelénico, Grecia y Roma |<br/>Unidad IV. Del arte paleocristiano al arte gótico |<br/>Unidad V. Del renacimiento al manierismo |<br/>Unidad VI. Barroco, neoclasicismo y romanticismo |<br/>Unidad VII. El arte en los siglos XIX y XX |<br/> |
| 650 #0 - PUNTO DE ACCESO ADICIONAL DE MATERIA--TÉRMINO DE MATERIA | |
| Término de materia o nombre geográfico como elemento de entrada | Artes |
| Subdivisión general | Historia |
| 9 (RLIN) | 204218 |
| 655 ## - TÉRMINO DE INDIZACIÓN--GÉNERO/FORMA | |
| Datos o término principal de género/forma | Recurso electrónico |
| 9 (RLIN) | 42681 |
| 856 ## - LOCALIZACIÓN Y ACCESO ELECTRÓNICOS | |
| Identificador Uniforme del Recurso | <a href="https://unibe.vitalsource.com/reader/books/9786073219617">https://unibe.vitalsource.com/reader/books/9786073219617</a> |
| 942 ## - ELEMENTOS DE PUNTO DE ACCESO ADICIONAL (KOHA) | |
| Fuente del sistema de clasificación o colocación | Sistema de Clasificación Decimal Dewey |
| Tipo de ítem Koha | e-Libro (en línea) |
| Estado de retiro | Estado de pérdida | Fuente del sistema de clasificación o colocación | No para préstamo | Código de colección | Localización permanente | Fecha de adquisición | Total de préstamos | Código de barras | Fecha visto por última vez | Número de copia | Precio válido a partir de | Tipo de ítem Koha |
|---|---|---|---|---|---|---|---|---|---|---|---|---|
| Disponible | Sistema de Clasificación Decimal Dewey | e-Libro de Texto (en línea) | Biblioteca Central UNIBE | 20/04/2026 | EB0548 | 20/04/2026 | copias ilimitadas | 20/04/2026 | e-Libro (en línea) |